00727nam a22002057a 450000500170000000800410001702000150005802400080007308000120008124501050009325000140019826000650021230000300027750400620030765000100036970000210037970000190040070000240041985600780044320150522033931.0040709s2004 ja a b i001 0 eng  a9280811029 0ceng a551.43200aKey issues for mountain areas /cedited by Martin F. Price, Libor F. Jansky, and Andrei A. Iastenia. a1 st.ed.; aTokyo ;aNew York :bUnited Nations University Press,c2004. a273 f. :bme il.;c23 cm. aIncludes bibliographical references and index. f. 257-273 0aMalet1 aPrice, Martin F.1 aJansky, Libor.1 aIastenia, Andrei A.413Table of contentsuhttp://www.loc.gov/catdir/toc/ecip0420/2004015893.html